| 000 | 01375nam a2200301 i 4500 | ||
|---|---|---|---|
| 001 | 170866 | ||
| 003 | ES-MaACL | ||
| 005 | 20250808062750.0 | ||
| 008 | 090414s1957 sp |||| | spa d | ||
| 100 | 0 |
_aTomás de Aquino, _cSanto _9110514 |
|
| 240 | 1 | 0 |
_aSumma theologica. _lEspañol-Latín |
| 245 | 1 | 0 |
_aSuma teológica. _nT. XIV / _cde Santo Tomás de Aquino ; texto latino de la edición crítica Leonina ; traducción y anotaciones por una comisión de PP. Dominicos presidida por Francisco Barbado Viejo ; introducción general por Santiago Ramírez. |
| 260 |
_aMadrid : _bLa Editorial Católica, _c1957. |
||
| 300 |
_aXIX, 611 p. ; _c20 cm. |
||
| 490 | 1 |
_aBiblioteca de autores cristianos ; _v163 |
|
| 505 | 8 | _aContiene : Tratado de la penitencia / versión e introducciones de Armando Bandera ; Tratado de la extremaunción / versión e introducciones de Arturo Alonso Lobo | |
| 546 | _aTexto en latín y castellano. | ||
| 700 | 1 |
_aBarbado Viejo, Francisco, _cObispo de Salamanca. _9139678 |
|
| 700 | 0 |
_aRamírez, Santiago. _995112 |
|
| 700 | 1 |
_aBandera, Armando. _925177 |
|
| 700 | 0 |
_aAlonso Lobo, Arturo. _920347 |
|
| 740 | 0 | _aTratado de la penitencia. | |
| 740 | 0 | _aTratado de la extremaunción. | |
| 830 | 0 | 0 |
_aBiblioteca de autores cristianos _v163 _9178679 |
| 852 |
_aES-MaACL _jJ-161 _9R.46092 |
||
| 999 |
_c170866 _d170866 |
||